000 00336nam a2200145Ia 4500
005 20250325033226.0
008 240331s9999 xx 000 0 und d
082 _bMAR
_a894
100 _aMarx, A
245 0 _aUdaipadum punithangl
260 _aKovai
_bVidiyal Pathippagam
_c1997
300 _a130 p .,
650 _aEssays
942 _cL
999 _c4047
_d4047